|
|
|
|
| LEADER |
00000nab a2200000 ar4500 |
| 001 |
vtls010067646 |
| 003 |
SK-MaSNL |
| 005 |
20260304162212.0 |
| 008 |
250507|2007 xo u|me|||||||00 ||slo |
| 015 |
|
|
|a SNBRA2010/02
|
| 035 |
|
|
|a urn:nbn:sk:snk-ab8crq
|
| 035 |
|
|
|a (urnnbn)urn:nbn:sk:snk:ar-a083bu
|
| 035 |
|
|
|a (uuid)9ecc04b9-41b0-474e-b258-96c583c38825
|
| 038 |
|
|
|a SNKBUCL
|
| 040 |
|
|
|a SNKBUCL
|b slo
|c SNKBUCL
|e AACR2
|
| 041 |
0 |
|
|a slo
|b eng
|b ger
|
| 044 |
|
|
|a xo
|c SK
|
| 080 |
|
|
|a 347.9
|2 2001
|
| 100 |
1 |
|
|a Ficová, Svetlana,
|d 1964-
|4 aut
|9 230245
|
| 245 |
1 |
0 |
|a Hranice výkonu rozhodnutia a exekúcie po novele Občianskeho súdneho poriadku a Exekučného poriadku vykonanej zákonom č. 341/2005 Z. z.
|c Svetlana Ficová
|
| 500 |
|
|
|a Zostavovateľka Eva Vlková
|
| 504 |
|
|
|a Bibliogr. odkazy
|
| 546 |
|
|
|a Res. angl., nem.
|
| 630 |
0 |
7 |
|a Exekučný poriadok
|2 snkbucl
|9 1054282
|
| 630 |
0 |
7 |
|a Občiansky súdny poriadok
|2 snkbucl
|9 283935
|
| 650 |
0 |
7 |
|a občianske procesné právo
|2 snkbucl
|9 541786
|
| 650 |
0 |
7 |
|a exekúcie
|2 snkbucl
|9 2225
|
| 655 |
|
7 |
|a štúdie
|2 snkbucl
|9 57033
|
| 655 |
|
7 |
|a zborníky
|2 snkbucl
|9 70165
|
| 773 |
0 |
|
|t Acta Facultatis Iuridicae Universitatis Comenianae XXV
|d Bratislava : Univerzita Komenského, 2007
|g S. 55-62
|z 9788022323314
|
| 850 |
|
|
|a Slovenská národná knižnica
|
| 852 |
|
|
|a Slovenská národná knižnica
|
| 954 |
|
|
|a odborná, vedecká literatúra pôvodná (slovenská)
|2 lita
|
| 958 |
|
|
|a article9
|
| 958 |
|
|
|a OND
|
| 958 |
|
|
|a SK
|
| 958 |
|
|
|a NB
|
| 958 |
|
|
|a EUIPO
|
| 999 |
|
|
|c 2973621
|d 2975551
|